<The> value of implementing quality.

Za použitie údajov firiem z posledného kola uchádzačov o Baldrigeovu cenu akosti USA bola spracovaná federálna štúdia o zlepšení hospodárskych výsledkov firiem dosiahnutých zlepšovaním akosti. Hlavné údaje zo štúdie.

Saved in:
Bibliographic Details
Main Author: Stratton, B.
Format: Book Chapter
Language:English
Subjects:
Tags: Add Tag
No Tags, Be the first to tag this record!

MARC

LEADER 00000naa a2200000 4500
001 r006288
005 20221213084507.7
041 0 |a eng 
044 |a US 
245 1 0 |a <The> value of implementing quality.  |c B. Stratton 
520 |a Za použitie údajov firiem z posledného kola uchádzačov o Baldrigeovu cenu akosti USA bola spracovaná federálna štúdia o zlepšení hospodárskych výsledkov firiem dosiahnutých zlepšovaním akosti. Hlavné údaje zo štúdie. 
610 2 0 |a kvalita 
610 2 0 |a výsledok hospodársky 
610 2 0 |a firmy 
610 2 0 |a porovnanie medzipodnikové 
610 2 0 |a údaje štatistické 
100 1 |a Stratton, B.